| 000 | 00416cam a2200169ua 4500 | ||
|---|---|---|---|
| 020 | _c6.00 | ||
| 041 |
_amal _h |
||
| 082 |
_a925.30 _bGOP/VI |
||
| 100 | _aGopinathan, Pallam K . | ||
| 245 |
_aViswa sastra silpikal / _cPallam K Gopinathan. _hTextual Documents |
||
| 260 |
_aThrissur : _bCurrent Books , _c1960. |
||
| 300 | _a401 ; . | ||
| 365 | _a6.00 | ||
| 504 | _a | ||
| 942 | _cBK | ||
| 999 |
_c4384 _d4384 |
||